[Event "Bremen Silvester op"]
[Site "Bremen"]
[Date "2021.12.29"]
[Round "6"]
[White "Porth, Hartmut"]
[Black "Grutter, Tim"]
[Result "0-1"]
[WhiteElo "2070"]
[BlackElo "2194"]
[PlyCount "62"]
[EventDate "2021.12.21"]
[EventType "swiss"]
[EventRounds "7"]
[EventCountry "GER"]
[SourceTitle "CBM 205 Extra"]
[Source "ChessBase"]
[SourceDate "2022.01.31"]
[SourceVersion "1"]
[SourceVersionDate "2022.01.31"]
[SourceQuality "1"]

1. e4 c5 2. d3 Nc6 3. f4 e6 4. Nf3 d5 5. c3 b6 6. Be2 g6 7. 0-0 Nge7 8. Qe1 Bg7 9. Be3 Qc7 10. Na3 Ba6 11. Rc1 c4 12. Nd4 0-0 13. dxc4 dxe4 14. Nxc6 Qxc6 15. g4 f5 16. h3 e5 17. g5 exf4 18. Bxf4 Qc5+ 19. Qf2 Qxf2+ 20. Kxf2 Nc6 21. Rcd1 Be5 22. Ke3 Bxf4+ 23. Kxf4 Nd8 24. h4 Ne6+ 25. Ke3 Bb7 26. Rd5 Rae8 27. Nb5 Bxd5 28. cxd5 f4+ 29. Kxe4 Nc5+ 30. Kf3 Re3+ 31. Kf2 Ne4+ 0-1

[Event "Blankenese op 3rd"]
[Site "Hamburg"]
[Date "2019.10.05"]
[Round "6"]
[White "Porth, Hartmut"]
[Black "Engel, Robert"]
[Result "1-0"]
[WhiteElo "1969"]
[BlackElo "2119"]
[PlyCount "131"]
[EventDate "2019.10.03"]
[EventType "swiss"]
[EventRounds "7"]
[EventCountry "GER"]
[SourceTitle "EXT 2023"]
[Source "ChessBase"]
[SourceDate "2022.10.05"]
[SourceVersion "1"]
[SourceVersionDate "2022.10.05"]
[SourceQuality "1"]

1. g3 d5 2. Bg2 e5 3. d3 Nf6 4. Nf3 Bd6 5. 0-0 0-0 6. Nbd2 c6 7. e4 Re8 8. c3 Nbd7 9. Re1 Nf8 10. Qc2 Ng6 11. Nf1 Be6 12. h3 h6 13. Kh2 Qd7 14. Be3 c5 15. Ng1 Rac8 16. c4 d4 17. Bd2 b5 18. b3 a6 19. Qc1 Nh7 20. Kh1 f5 21. a4 Nf6 22. axb5 axb5 23. Ra6 fxe4 24. Bxh6 gxh6 25. Qxh6 Bf7 26. Nd2 Re6 27. Rea1 Bf8 28. Qg5 Be7 29. Qh6 Bf8 30. Qg5 Rxa6 31. Rxa6 Rc6 32. Rxc6 Qxc6 33. Nxe4 Nh7 34. Qd8 Qe8 35. Qb6 bxc4 36. bxc4 Qe6 37. Qa7 Qe7 38. Qb6 Ng5 39. Nxg5 Qxg5 40. Be4 Kg7 41. Nf3 Qf6 42. Qb7 Ne7 43. Qc7 Ng6 44. Kg2 Qe7 45. Qb8 Qd6 46. Qb7 Be7 47. h4 Nf8 48. g4 Ne6 49. h5 Nf4+ 50. Kg3 Nxd3 51. Qc8 Nf4 52. Qf5 Qf6 53. h6+ Kf8 54. Nxe5 Qxf5 55. Bxf5 Ne2+ 56. Kf3 Ng1+ 57. Kg2 Bd6 58. Nxf7 Kxf7 59. Kxg1 Bf8 60. g5 Kg8 61. Kg2 Be7 62. f4 Bd6 63. Kf3 Bc7 64. Be4 Bd6 65. g6 Bf8 66. g7 1-0

[Event "Blankenese op 3rd"]
[Site "Hamburg"]
[Date "2019.10.04"]
[Round "4"]
[White "Porth, Hartmut"]
[Black "Sommer, Justus"]
[Result "1-0"]
[WhiteElo "1969"]
[BlackElo "1773"]
[PlyCount "97"]
[EventDate "2019.10.03"]
[EventType "swiss"]
[EventRounds "7"]
[EventCountry "GER"]
[SourceTitle "EXT 2023"]
[Source "ChessBase"]
[SourceDate "2022.10.05"]
[SourceVersion "1"]
[SourceVersionDate "2022.10.05"]
[SourceQuality "1"]

1. g3 d5 2. Bg2 e5 3. d3 c6 4. c3 Nf6 5. Qc2 Bf5 6. e4 Be6 7. Nf3 Nbd7 8. 0-0 Bd6 9. Re1 0-0 10. Nbd2 Re8 11. Nf1 c5 12. Ng5 d4 13. Nxe6 Rxe6 14. Bh3 Re8 15. c4 a6 16. Bg5 h6 17. Bxd7 Qxd7 18. Bxf6 gxf6 19. Qe2 Bf8 20. Qf3 Bg7 21. g4 b5 22. b3 a5 23. Ng3 a4 24. Nh5 axb3 25. axb3 bxc4 26. bxc4 Qe6 27. h3 Ra6 28. Rab1 Rb6 29. Ra1 Ra6 30. Reb1 Rxa1 31. Rxa1 Qb6 32. Kg2 Rb8 33. Kg3 Re8 34. h4 Rb8 35. Kh2 Qe6 36. Rg1 Kf8 37. g5 hxg5 38. hxg5 fxg5 39. Nxg7 Kxg7 40. Rxg5+ Kf8 41. Qh5 Qf6 42. Rf5 Qg7 43. Qh4 f6 44. Rxf6+ Kg8 45. Rf5 Rf8 46. Rg5 Rxf2+ 47. Kg3 Rf6 48. Rxg7+ Kxg7 49. Qh5 1-0

[Event "Lueneburg op-A"]
[Site "Lueneburg"]
[Date "2019.08.09"]
[Round "7"]
[White "Porth, Hartmut"]
[Black "Hesse, Juergen"]
[Result "1/2-1/2"]
[WhiteElo "2041"]
[BlackElo "1877"]
[PlyCount "127"]
[EventDate "2019.08.03"]
[EventType "swiss"]
[EventRounds "9"]
[EventCountry "GER"]
[SourceTitle "CBM 191 Extra"]
[Source "ChessBase"]
[SourceDate "2019.09.30"]
[SourceVersion "1"]
[SourceVersionDate "2019.09.30"]
[SourceQuality "1"]

1. g3 Nf6 2. Bg2 g6 3. d3 Bg7 4. e4 d6 5. f4 Nc6 6. Nf3 0-0 7. 0-0 Nd7 8. c3 Nb6 9. Na3 e5 10. f5 gxf5 11. Nh4 f4 12. Qh5 fxg3 13. hxg3 Qe8 14. Bg5 f6 15. Qxe8 Rxe8 16. Bxf6 Be6 17. Bg5 a6 18. Nf5 Rf8 19. Nc2 Rae8 20. Nce3 Nc8 21. b3 N6e7 22. Rad1 Nc6 23. Kh2 Nb6 24. Rd2 Nc8 25. Rdf2 Nb6 26. Bf3 Nd7 27. Bh5 Rb8 28. Bg4 Nc5 29. Rd2 Rbe8 30. b4 Bxf5 31. Bxf5 Ne6 32. Bxe6+ Rxe6 33. Rxf8+ Bxf8 34. Nd5 Rg6 35. Bh4 Rg7 36. Nf6+ Kh8 37. Kh3 Rf7 38. g4 Ne7 39. Nh5 Ng6 40. Bg5 h6 41. Bf6+ Kg8 42. g5 hxg5 43. Bxg5 Be7 44. Kg4 Rf1 45. Be3 Re1 46. Bf2 Rc1 47. c4 Rb1 48. a3 Rb3 49. Be3 Rxa3 50. Rg2 Kf7 51. Rf2+ Ke6 52. Ng7+ Kd7 53. Rf7 Nh8 54. Rf3 Rxd3 55. Nf5 Rc3 56. Nxe7 Rxc4 57. Nd5 Rxe4+ 58. Kf5 Rh4 59. Rg3 Kc6 60. Ke6 Rh7 61. Nf6 Rh2 62. Rg7 Rc2 63. Nd5 Kb5 64. Rg8 1/2-1/2

[Event "Langenhagen Summer op 1st"]
[Site "Langenhagen"]
[Date "2019.07.07"]
[Round "7"]
[White "Porth, Hartmut"]
[Black "Von Mettenheim, Johannes"]
[Result "1-0"]
[WhiteElo "2032"]
[BlackElo "1809"]
[PlyCount "60"]
[EventDate "2019.07.04"]
[EventType "swiss"]
[EventRounds "7"]
[EventCountry "GER"]
[SourceTitle "EXT 2020"]
[Source "ChessBase"]
[SourceDate "2019.10.17"]
[SourceVersion "1"]
[SourceVersionDate "2019.10.17"]
[SourceQuality "1"]

1. g3 d5 2. Nf3 Nf6 3. Bg2 c6 4. d3 h6 5. 0-0 Bf5 6. Nbd2 e6 7. e3 Be7 8. Qe2 0-0 9. e4 Bh7 10. Ne1 dxe4 11. dxe4 e5 12. Nd3 Nbd7 13. Nc4 Qc7 14. f4 Bd6 15. Nxd6 Qxd6 16. f5 c5 17. Nf2 Nb8 18. Be3 Nc6 19. c3 Ne8 20. Ng4 h5 21. Nf2 g6 22. Nh3 Kg7 23. Rad1 Qf6 24. Bg5 Qd6 25. Rxd6 Nxd6 26. f6+ Kh8 27. Bh6 Rfd8 28. Ng5 Kg8 29. Qe3 b6 30. Nxh7 Kxh7 1-0

[Event "Langenhagen Summer op 1st"]
[Site "Langenhagen"]
[Date "2019.07.05"]
[Round "3"]
[White "Porth, Hartmut"]
[Black "Stelmaszyk, Nico"]
[Result "0-1"]
[WhiteElo "2032"]
[BlackElo "2211"]
[PlyCount "78"]
[EventDate "2019.07.04"]
[EventType "swiss"]
[EventRounds "7"]
[EventCountry "GER"]
[SourceTitle "EXT 2020"]
[Source "ChessBase"]
[SourceDate "2019.10.17"]
[SourceVersion "1"]
[SourceVersionDate "2019.10.17"]
[SourceQuality "1"]

1. d4 Nf6 2. Bf4 c5 3. e3 g6 4. c3 b6 5. Nf3 Bg7 6. Nbd2 Bb7 7. h3 0-0 8. Bd3 d6 9. 0-0 Nbd7 10. Re1 Nh5 11. Bg5 Qe8 12. g4 Nhf6 13. e4 cxd4 14. cxd4 e5 15. d5 Nc5 16. Bf1 a5 17. Be3 Nfxe4 18. Nxe4 Nxe4 19. Bxb6 f5 20. Rxe4 fxe4 21. Ng5 Qe7 22. Nxe4 Rf4 23. Bg2 Rff8 24. Qd2 a4 25. Rd1 Rfc8 26. Qb4 Bf8 27. g5 Ba6 28. Nf6+ Kh8 29. Qh4 Rc4 30. Be4 Rb8 31. Ba5 Bc8 32. Bc3 Bf5 33. a3 h5 34. f3 Bxe4 35. fxe4 Qa7+ 36. Kg2 Rxc3 37. bxc3 Rb2+ 38. Kh1 Qe3 39. Rg1 Qf3+ 0-1

[Event "Hamburg Old School-NSJ Youth"]
[Site "Hamburg"]
[Date "2019.01.30"]
[Round "3.3"]
[White "Stelmaszyk, Nico"]
[Black "Porth, Hartmut"]
[Result "1-0"]
[WhiteElo "1902"]
[BlackElo "2093"]
[PlyCount "63"]
[EventDate "2019.01.30"]
[EventType "schev"]
[EventRounds "5"]
[EventCountry "GER"]
[SourceTitle "CBM 190 Extra"]
[Source "ChessBase"]
[SourceDate "2019.07.15"]
[SourceVersion "1"]
[SourceVersionDate "2019.07.15"]
[SourceQuality "1"]

1. e4 c5 2. Nf3 a6 3. c3 Nc6 4. d4 cxd4 5. cxd4 d6 6. Nc3 Nf6 7. d5 Ne5 8. Nxe5 dxe5 9. Be3 e6 10. Bc4 exd5 11. Bxd5 Nxd5 12. Nxd5 Bd6 13. Bb6 Qg5 14. 0-0 0-0 15. Rc1 Be6 16. Rc3 Rfc8 17. Rg3 Qh4 18. Be3 Bxd5 19. Qxd5 Qe7 20. Bg5 Qe6 21. Qxe6 fxe6 22. Rd1 Rc6 23. Bf6 g6 24. Rgd3 Rac8 25. h3 Kf7 26. Bg5 Bf8 27. Rd7+ Kg8 28. Rxb7 R8c7 29. Rb8 Rc8 30. Rd8 Rxd8 31. Rxd8 Rc7 32. Bh6 1-0

[Event "Hamburg HSK Christmas op 4th"]
[Site "Hamburg"]
[Date "2018.12.29"]
[Round "6"]
[White "Porth, Hartmut"]
[Black "Malkiel, Daniel E"]
[Result "0-1"]
[WhiteElo "2093"]
[BlackElo "2187"]
[PlyCount "78"]
[EventDate "2018.12.27"]
[EventType "swiss"]
[EventRounds "7"]
[EventCountry "GER"]
[SourceTitle "CBM 188 Extra"]
[Source "ChessBase"]
[SourceDate "2019.02.26"]
[SourceVersion "1"]
[SourceVersionDate "2019.02.26"]
[SourceQuality "1"]

1. e4 e6 2. g3 d5 3. Nc3 Nf6 4. e5 Nfd7 5. f4 c5 6. Bg2 Nc6 7. d3 f6 8. exf6 Nxf6 9. Nf3 Bd6 10. 0-0 0-0 11. Re1 Re8 12. Ne5 a6 13. g4 Bxe5 14. fxe5 Nd7 15. Bf4 Nf8 16. Bg3 Ng6 17. Qd2 b5 18. Qf2 Nd4 19. Rf1 Qe7 20. Rae1 Bb7 21. Qd2 Rf8 22. Ne2 Nxe2+ 23. Qxe2 d4 24. Bxb7 Qxb7 25. Qg2 Qxg2+ 26. Kxg2 Ne7 27. c3 dxc3 28. bxc3 Nd5 29. c4 Nb4 30. a3 Nxd3 31. Rb1 bxc4 32. Bf2 Rab8 33. Be3 c3 34. Rxf8+ Rxf8 35. Rb6 Nf4+ 36. Kg3 Nd5 37. Rc6 Nxe3 38. Rxc5 c2 39. a4 Rf1 0-1

[Event "Hamburg-ch Seniors 50+"]
[Site "Hamburg"]
[Date "2018.10.26"]
[Round "4"]
[White "Kurbangulov, Viktor"]
[Black "Porth, Hartmut"]
[Result "1/2-1/2"]
[WhiteElo "1856"]
[BlackElo "2068"]
[PlyCount "139"]
[EventDate "2018.10.23"]
[EventType "swiss"]
[EventRounds "7"]
[EventCountry "GER"]
[SourceTitle "CBM 190 Extra"]
[Source "ChessBase"]
[SourceDate "2019.07.15"]
[SourceVersion "1"]
[SourceVersionDate "2019.07.15"]
[SourceQuality "1"]

1. d4 d5 2. Nf3 Nc6 3. Bf4 Bg4 4. e3 e6 5. Nc3 Bd6 6. Bxd6 cxd6 7. Be2 Nf6 8. Nd2 Bf5 9. a3 0-0 10. Bd3 Bxd3 11. cxd3 e5 12. dxe5 dxe5 13. 0-0 Qd7 14. Qa4 d4 15. exd4 Nxd4 16. Qxd7 Nxd7 17. f4 Rfd8 18. Rae1 f6 19. Nf3 Nc5 20. fxe5 Nxf3+ 21. Rxf3 Nxd3 22. Rd1 Nxe5 23. Rff1 Nc4 24. Rxd8+ Rxd8 25. Rf4 Nxb2 26. Rb4 Nd1 27. Nb5 Re8 28. h3 Re1+ 29. Kh2 Nf2 30. Nxa7 h5 31. Rb2 Rh1+ 32. Kg3 Ne4+ 33. Kf4 Nd6 34. Kf3 Rc1 35. Rb3 Kf7 36. Nb5 Nxb5 37. Rxb5 Rc7 38. g3 g5 39. a4 Kg6 40. a5 Rc3+ 41. Kf2 Ra3 42. Kg2 Ra2+ 43. Kf3 h4 44. gxh4 Ra3+ 45. Kg2 gxh4 46. Rxb7 Rxa5 47. Rb2 Ra4 48. Rc2 Kf5 49. Re2 Re4 50. Rf2+ Ke5 51. Rd2 Re3 52. Ra2 f5 53. Rb2 Rg3+ 54. Kh2 Rd3 55. Kg2 Ke4 56. Rb4+ Rd4 57. Rb2 f4 58. Re2+ Kf5 59. Ra2 Rd3 60. Rb2 Rg3+ 61. Kh2 Rg8 62. Rb5+ Ke4 63. Rb4+ Ke3 64. Rb3+ Kd2 65. Rb2+ Kc3 66. Rf2 Rf8 67. Kg2 Kd3 68. Kf3 Rg8 69. Rf1 Kd4 70. Re1 1/2-1/2

[Event "Blankenese op 2nd"]
[Site "Hamburg"]
[Date "2018.09.30"]
[Round "4.6"]
[White "Porth, Hartmut"]
[Black "Light, Bjarne"]
[Result "1-0"]
[WhiteElo "2068"]
[BlackElo "2176"]
[PlyCount "173"]
[EventDate "2018.09.29"]
[EventType "swiss"]
[EventRounds "7"]
[EventCountry "GER"]
[SourceTitle "EXT 2020"]
[Source "ChessBase"]
[SourceDate "2019.10.17"]
[SourceVersion "1"]
[SourceVersionDate "2019.10.17"]
[SourceQuality "1"]

1. d4 d5 2. Bf4 c5 3. e3 Nc6 4. c3 Qb6 5. Qb3 c4 6. Qxb6 axb6 7. e4 Nf6 8. exd5 Nxd5 9. Bg3 b5 10. Nf3 Bf5 11. a3 e6 12. Be2 b4 13. Bxc4 bxc3 14. Nxc3 Nxc3 15. bxc3 Rxa3 16. Kd2 Kd7 17. Ne5+ Nxe5 18. Bxe5 Be4 19. Bb5+ Bc6 20. Bxc6+ Kxc6 21. Rxa3 Bxa3 22. Bxg7 Rg8 23. Be5 Bd6 24. Bxd6 Kxd6 25. g3 Ra8 26. Rc1 b5 27. Rc2 Ra1 28. Rb2 Kc6 29. h4 h5 30. Kd3 Ra3 31. f3 Ra1 32. Ke4 Rc1 33. Rb3 f6 34. Kf4 Rh1 35. Rb2 Rc1 36. Rb3 Ra1 37. Ke3 Ra2 38. Rb1 Rc2 39. Rb3 Rh2 40. Ra3 Rc2 41. Kf4 Kd5 42. Rb3 e5+ 43. dxe5 fxe5+ 44. Kg5 Kc4 45. Rb4+ Kc5 46. Re4 Kd5 47. Kf5 Rxc3 48. Rxe5+ Kc4 49. Kf4 b4 50. Rxh5 b3 51. Rh8 Kc5 52. Rc8+ Kb4 53. Rb8+ Kc5 54. h5 Rc4+ 55. Ke5 Rb4 56. Rc8+ Kb6 57. Rc1 Rb5+ 58. Kd4 Rxh5 59. Rb1 Rb5 60. Kc3 Rh5 61. Kc4 Rc5+ 62. Kxb3 Kc6 63. Rd1 Rh5 64. g4 Rh3 65. Rd3 Kc5 66. Kc3 Rh2 67. Re3 Kd5 68. Kd3 Rf2 69. g5 Ra2 70. f4 Ra3+ 71. Ke2 Ra1 72. Kf3 Rg1 73. Re2 Kd6 74. Rg2 Rf1+ 75. Ke4 Ke7 76. Kf5 Kf7 77. Ra2 Rb1 78. Ra7+ Kg8 79. Kg6 Rb6+ 80. Kh5 Rb5 81. Kh6 Rb6+ 82. g6 Rb8 83. f5 Rf8 84. f6 Rxf6 85. Ra8+ Rf8 86. Rxf8+ Kxf8 87. Kh7 1-0

[Event "Oberliga Nord N 1718"]
[Site "Germany"]
[Date "2017.10.23"]
[Round "2.5"]
[White "Zieher, Hartmut"]
[Black "Porth, Hartmut"]
[Result "1-0"]
[WhiteElo "2230"]
[BlackElo "2115"]
[PlyCount "53"]
[EventDate "2017.10.08"]
[EventType "team-tourn"]
[EventRounds "9"]
[EventCountry "GER"]
[SourceTitle "EXT 2019"]
[Source "ChessBase"]
[SourceDate "2018.10.10"]
[SourceVersion "1"]
[SourceVersionDate "2018.10.10"]
[SourceQuality "1"]
[WhiteTeam "Hamburger SK III"]
[BlackTeam "Bargteheide"]
[WhiteTeamCountry "GER"]
[BlackTeamCountry "GER"]

1. e4 Nc6 2. Nf3 d6 3. d4 Nf6 4. Nc3 Bg4 5. Be3 e6 6. h3 Bh5 7. d5 exd5 8. exd5 Bxf3 9. Qxf3 Ne5 10. Qg3 a6 11. Bd4 Nh5 12. Qe3 Qf6 13. Be2 Nf4 14. Bf3 Be7 15. 0-0-0 Qh6 16. Kb1 0-0 17. Bxe5 dxe5 18. Qxe5 Bd6 19. Qd4 f5 20. g3 Ng6 21. h4 Ne5 22. Be2 Nd7 23. f4 Bc5 24. Qd3 Rae8 25. d6 cxd6 26. Qd5+ Qe6 27. Qxe6+ 1-0

[Event "Oberliga Nord N 1516"]
[Site "Germany"]
[Date "2015.09.20"]
[Round "1.6"]
[White "Porth, Hartmut"]
[Black "Boehm, Thomas1111"]
[Result "1/2-1/2"]
[WhiteElo "2068"]
[BlackElo "2120"]
[PlyCount "48"]
[EventDate "2015.09.20"]
[EventType "team-tourn"]
[EventRounds "9"]
[EventCountry "GER"]
[SourceTitle "CBM 170 Extra"]
[Source "ChessBase"]
[SourceDate "2016.02.25"]
[SourceVersion "1"]
[SourceVersionDate "2016.02.25"]
[SourceQuality "1"]
[WhiteTeam "Bargteheide"]
[BlackTeam "Kiel Turm"]
[WhiteTeamCountry "GER"]
[BlackTeamCountry "GER"]

1. e4 e5 2. Nf3 Nc6 3. Bb5 a6 4. Bxc6 dxc6 5. 0-0 Bg4 6. h3 Bh5 7. g4 Bg6 8. Nxe5 Qh4 9. Qf3 f6 10. Nxg6 hxg6 11. Kg2 g5 12. Rh1 0-0-0 13. d3 Ne7 14. Nd2 Kb8 15. Qe2 Qh7 16. Nf3 Ng6 17. e5 Re8 18. d4 Be7 19. Kg1 Rhf8 20. Qd3 Rh8 21. Bd2 Ref8 22. exf6 gxf6 23. Qf5 Bd6 24. c4 Qf7 1/2-1/2